|
|
|
|
| LEADER |
000000sb a2200000 a 4500 |
| 005 |
20230308203353.0 |
| 008 |
989120| ||||||||r|||||||||||spa|| |
| 040 |
|
|
|b spa
|
| 041 |
0 |
|
|a Es
|
| 082 |
0 |
|
|a 610.5
|b SI1143b
|
| 100 |
1 |
|
|a Segarra R., Edagar
|9 276784
|
| 245 |
|
|
|a Seminario nacional de ciencias morfológicas
|c Edgar Segarra R.
|h imp
|
| 264 |
|
|
|a Cuenca
|b Universidad de Cuenca. Facultad de Ciencias Médicas
|c 1989
|
| 300 |
|
|
|a páginas: 96-98
|
| 300 |
|
|
|b il
|
| 310 |
|
|
|a irreg
|
| 362 |
|
|
|a 18; 1
|
| 500 |
|
|
|a Revista de investigación Cientifica médica Puede solicitar a: bibmedi@ucuenca.edu.ec
|
| 520 |
3 |
|
|a Contiene: los propósitos: analizar la situación actual de las ciencias morfológicasen las Facultad de Medicina del Ecuador; conocer y analizar la experiencia de los docentes de ciencias morfológicas en el campo docente asistencia y formular mecanismos integradores; formular alternativas y mecanismos de la enseñanza de clas ciencias morfológicas en el Ecuador
|
| 650 |
1 |
|
|a Morfologia
|9 5662
|
| 650 |
1 |
|
|a Seminario nacional de ciencias morfologicas
|9 276785
|
| 650 |
1 |
|
|a Afeme
|9 238571
|
| 650 |
1 |
|
|a Docencia
|
| 650 |
1 |
|
|a Enseñanza de ciencias morfologicas
|9 276786
|
| 650 |
1 |
|
|a Ecuador
|
| 710 |
|
|
|a Universidad de Cuenca. Facultad de Ciencias Médicas
|9 198906
|
| 773 |
0 |
|
|0 si1143b
|9 si1143b
|a Segarra R., Edagar Universidad de Cuenca. Facultad de Ciencias Médicas
|d Cuenca Universidad de Cuenca. Facultad de Ciencias Médicas 1989
|o si1143b
|w si1143b
|t Revista de la Facultad de Ciencias Médicas
|6 si1143b
|
| 852 |
|
|
|a UC-SALUD
|f Donación
|k teresa.torres
|l 1
|m General
|p 19891200
|b 0
|d CDRS
|e CDRS
|g 610.5 SI1143b
|z 1989-91-20
|
| 942 |
|
|
|c SERA
|
| 999 |
|
|
|c 105822
|d 105822
|